000 00902nam a2200265Ia 4500
003 OSt
005 20220930090329.0
006 a|||||r|||| 00| 0
007 ta
008 220926b |||||||| |||| 00| 0 eng d
024 _a109255
037 _cTheses
040 _aCRL
_cCRL
_beng
041 _2eng
_aeng
100 _aKathuria Sanjeev
_9532895
110 _aUniversity of Delhi. Faculty of Medical Sciences. Department of Cardiology
_9522745
245 0 _aTo study and compare the accuracy of 64-slice CT coronary angiography with invasive coronary angiography
260 _c2007
300 _a69p.
_ap.
_ccm.
650 _aCARDIOVASCULAR SYSTEM
_9522746
700 _a Dr. Sanjay Tyagi Gu.
_9537662
700 _aUniversity of Delhi. Faculty of Medical Sciences. Department of Cardiology
_9522748
942 _cDIS
_2CC
999 _c880399
_d880399